Czech Republic, Slovakia or Czechoslovakia? - Statistics

General Stats
  • This quiz has been taken 665 times
    644 since last reset
  • The average score is 13 of 15
Answer Stats
Question Answer % Correct
In which one can you find the region of Bohemia? Czech Republic
96%
Which one is landlocked? both
95%
Which one was founded by its first president Tomáš G. Masaryk after the fall of Austria-Hungary? Czechoslovakia
95%
Which one borders Hungary? Slovakia
95%
Whose flag consists of a white and a red stripe and a blue triangle? Czech Republic
93%
Where do the Pilsner Urquell beer and Škoda auto come from? Czech Republic
93%
The Velvet Revolution (1989, end of communism) took part in which country? Czechoslovakia
90%
Which one is further west? Czech Republic
90%
Which one uses the Euro? Slovakia
90%
Which one is smaller? Slovakia
89%
Which one is more Catholic? Slovakia
84%
Which one has had/had a female President? Slovakia
84%
Which one is higher (has a higher peak)? Slovakia
77%
Whose capital city sits on a river? both
75%
Which one became an "independent" state for the first time in 1939 (in reality controlled by the Nazi Germany)? First Slovak Republic
60%
No matching quizzes found
Score Distribution
Percent of People with Each Score
Percentile by Number Answered
Your Score History
You have not taken this quiz since the last reset